Score 0/7 Timer 01:30
0 Plays Today
# Obstacle % Correct
1Fluffy the 3-Headed Dog
97.7%
4Life-Sized Wizard's Chess Board
93.3%
3Flying Keys
86.7%
7The Mirror of Erised
85.4%
2Devil's Snare
72%
6Potions Riddle
71.7%
5Mountain Troll
51.9%
Remove Ads.
Support Sporcle.
Get the best of Sporcle when you Go Orange. This ad-free experience offers more features, more stats, and more fun while also helping to support Sporcle. Thank you for becoming a member.

You're not logged in!

Compare scores with friends on all Sporcle quizzes.
OR
Log In

Sporcle TV

Today on Sporcle TV


Watch our educational content, quiz creation guides, and fun videos on Sporcle TV.

Show Comments

Extras

Top Quizzes Today


Score Distribution

Paid Content

Your Account Isn't Verified!

In order to create a playlist on Sporcle, you need to verify the email address you used during registration. Go to your Sporcle Settings to finish the process.

Report this User

Report this user for behavior that violates our Community Guidelines.

Details: